International Conference on Training and Certification of Seafarers, 1978 : (Record no. 1538)

000 -LEADER
fixed length control field 01519nam a2200337 a 4500
007 - PHYSICAL DESCRIPTION FIXED FIELD--GENERAL INFORMATION
fixed length control field ta
008 - FIXED-LENGTH DATA ELEMENTS--GENERAL INFORMATION
fixed length control field 800401r19781992xxk g i100 0 eng d
020 ## - INTERNATIONAL STANDARD BOOK NUMBER
International Standard Book Number 9280110853
040 ## - CATALOGING SOURCE
Original cataloging agency IMU Kochi Library
Language of cataloging eng
041 0# - LANGUAGE CODE
Language code of text/sound track or separate title eng
044 ## - COUNTRY OF PUBLISHING/PRODUCING ENTITY CODE
MARC country code United Kingdom
082 00 - DEWEY DECIMAL CLASSIFICATION NUMBER
Edition number 23
Classification number 623.88071
Item number In821
111 2# - MAIN ENTRY--MEETING NAME
Meeting name or jurisdiction name as entry element International Conference on Training and Certification of Seafarers
Date of meeting (1978 :
Location of meeting London, England)
245 10 - TITLE STATEMENT
Title International Conference on Training and Certification of Seafarers, 1978 :
Sub Title final act of the conference, with attachments, including the International convention on standards of training, certification, and watchkeeping for seafarers, 1978.
260 ## - PUBLICATION, DISTRIBUTION, ETC. (IMPRINT)
Place of publication, distribution, etc London :
Name of publisher, distributor, etc International Maritime Organization,
Date of publication, distribution, etc 1978, reprinted 1992
300 ## - PHYSICAL DESCRIPTION
Extent iv, 146 p. ;
Dimensions 24 cm.
500 ## - GENERAL NOTE
General note Spine title: Training and certification of seafarers.
500 ## - GENERAL NOTE
General note Conference convened by the Intergovernmental Maritime Consultative Organization in association with the International Labour Organisation.
650 #0 - SUBJECT ADDED ENTRY--TOPICAL TERM
Topical term or geographic name as entry element Merchant marine
General subdivision Officers
650 #0 - SUBJECT ADDED ENTRY--TOPICAL TERM
Topical term or geographic name as entry element Merchant mariners
General subdivision Certification
650 #0 - SUBJECT ADDED ENTRY--TOPICAL TERM
Topical term or geographic name as entry element Seamanship
General subdivision Study and teaching
650 #0 - SUBJECT ADDED ENTRY--TOPICAL TERM
Topical term or geographic name as entry element Merchant marine
General subdivision Watch duty
710 2# - ADDED ENTRY--CORPORATE NAME
Corporate name or jurisdiction name as entry element International Maritime Organization
710 2# - ADDED ENTRY--CORPORATE NAME
Corporate name or jurisdiction name as entry element International Labour Organisation
730 0# - ADDED ENTRY--UNIFORM TITLE
Uniform title International Convention on Standards of Training, Certification, and Watchkeeping for Seafarers
Date of treaty signing (1978)
740 0# - ADDED ENTRY--UNCONTROLLED RELATED/ANALYTICAL TITLE
Uncontrolled related/analytical title Training and certification of seafarers.
852 ## - LOCATION/CALL NUMBER
Location IMU Kochi Library
904 ## - LOCAL DATA ELEMENT D, LDD (RLIN)
CATALOGER Rudra Ranjan
905 ## - LOCAL DATA ELEMENT E, LDE (RLIN)
VERIFIER Rudra Ranjan
942 ## - ADDED ENTRY ELEMENTS (KOHA)
Item type Books
Holdings
Withdrawn status Lost status Source of classification or shelving scheme Damaged status Not for loan Collection code Permanent location Current location Shelving location Date acquired Source of acquisition Full call number Barcode Date last seen Koha item type Public note
          IMO Collection IMU Kochi Library IMU Kochi Library Reference 2012-03-22 Bought Earlier (Received From Chennai Campus) 623.88071 In821 BK000272 2020-01-08 Books Shelf-3, Row-3
          IMO Collection IMU Kochi Library IMU Kochi Library Reference 2012-03-22 Bought Earlier (Received From Chennai Campus) 623.88071 In821 BK000273 2020-01-08 Books Shelf-3, Row-3


Copyright © All Rights Reserved by Indian Maritime University, Kochi Campus.
For any Suggestions/Query Contact to library or Email: library.kochi@imu.ac.in Ph:(0484)-2989402
(Web OPAC Designed by Rudra Ranjan. Maintained by IMU Kochi Library)

Powered by Koha